The leader : A new face for American management

Đã lưu trong:
Bibliografiske detaljer
Hovedforfatter: Maccoby, Michael
Format: Bog
Sprog:Undetermined
Udgivet: New York Simon and Schuster 1981
Fag:
Tags: Tilføj Tag
Ingen Tags, Vær først til at tagge denne postø!
Thư viện lưu trữ: Trung tâm Học liệu Trường Đại học Cần Thơ
LEADER 00537nam a2200193Ia 4500
001 CTU_88571
008 210402s9999 xx 000 0 und d
082 |a 658.4 
082 |b M129 
100 |a Maccoby, Michael 
245 4 |a The leader : 
245 2 |b A new face for American management 
245 0 |c Michael Maccoby 
260 |a New York 
260 |b Simon and Schuster 
260 |c 1981 
650 |a Leadership,Organizational effectiveness 
904 |i Giang,Hải 
980 |a Trung tâm Học liệu Trường Đại học Cần Thơ